Cultivos en zonas semiáridas: características que mejoran sus rendimientos y uso eficaz del agua

Na minha lista:
Detalhes bibliográficos
Autor principal: García Torres, Antonio-Lino (Author)
Formato: Livro
Idioma:espanhol
Publicado em: Murcia Universidad de Murcia 1994
Assuntos:
Tags: Adicionar Tag
Sem tags, seja o primeiro a adicionar uma tag!

MARC

LEADER 00000nam a2200000 a 4500
001 UCI5382
003 CL-VaPUC
008 080328e19940000SP |||||||||||||||||spa|d
020 |a 8476845227 
082 0 4 |a 631.58  |b GAR  |2 21 
100 |a García Torres, Antonio-Lino  |e author  |9 527715 
245 1 0 |a Cultivos en zonas semiáridas: características que mejoran sus rendimientos y uso eficaz del agua 
300 |a 312 p 
942 |c BK 
945 |d 20080328 00:00:00  |a rbrito 
260 |a Murcia  |b Universidad de Murcia  |c 1994 
650 7 |a CULTIVO EN TIERRAS ARIDAS  |2 CL-VaPUC  |9 523466 
650 7 |a SISTEMAS DE CULTIVO  |2 CL-VaPUC  |9 364794 
650 7 |a CLIMA ARIDO  |2 CL-VaPUC  |9 523465 
650 0 |a Riego  |9 259685 
650 0 |a Agua  |9 257149 
650 0 |a Manejo del suelo  |9 401814 
583 |a last modification  |c 20080328 00:00:00  |k Rodrigo Vera 
999 |c 329133  |d 329131 
952 |0 0  |1 0  |4 0  |6 631_580000000000000_GAR_1994  |7 0  |8 A  |9 413469  |a BIBAGR  |b BIBAGR  |d 2019-11-22  |i 4414772  |o 631.58 GAR 1994  |p 4414772  |r 2025-01-20  |w 2019-11-22  |y BK  |k AGR